Statistiques concernant Cibles nucléaires japonaises - 1945

Cliquez ici pour prendre le quiz!

Statistiques générales

  • Ce quiz a été pris 26 fois
  • Le résultat moyen est 17 sur 35

Statistiques - réponses

HintRéponse% Correct
Liste de fin avril 1945Tokyo
100%
Cible envisagée le 14 aoûtTokyo
100%
Kyoto
88%
Liste de fin juin 1945Kyoto
88%
Liste de début mai 1945Kyoto
88%
Nagasaki
84%
Nagasaki
84%
Nagasaki
84%
Hiroshima
80%
Hiroshima
80%
Liste du 5 août 1945Hiroshima
80%
Liste de fin juillet 1945Hiroshima
80%
Hiroshima
80%
Osaka
76%
Kobe
60%
Yokohama
48%
Yokohama
48%
Nagoya
40%
Cible envisagée égalementSapporo
40%
Fukuoka
36%
Niigata
24%
Niigata
24%
Niigata
24%
Kawasaki
20%
Kokura/Kitakyushu
20%
Kokura/Kitakyushu
20%
Kokura/Kitakyushu
20%
Kokura/Kitakyushu
20%
Kokura/Kitakyushu
20%
Kumamoto
20%
Yamaguchi
4%
Kure
0%
Sasebo
0%
Shimosenka
0%
Yamata
0%

Distribution des résultats

Percentile par nombre de réponses

% des personnes avec chaque résultat

Votre développement - résultats

Vous n’avez pas pris ce quiz